000 00662nam a22002057a 4500
003 BD-DhJNU
005 20260126055330.0
008 260126b |||||||| |||| 00| 0 eng d
020 _a9789354477287
040 _aBD-DhJNU
_bENG
_cBD-DhJNU
_dBD-DhJNU
082 _223
_a954.546
100 _aSingh, Harbans
245 _aA modern history of Jammu and Kashmir :
_bthe time of turbulence (1975- 2021) /
_cHarbans Singh
260 _aNew Delhi :
_bSpeaking Tiger,
_c2024.
300 _axxi, 412 p. :
_c22 cm.
490 _vVol. 3
504 _aIncludes index and bibliographical references
650 _aIndian History -- Jammu & Kashmir
942 _2ddc
_cBK
_n0
999 _c2565
_d2565